Vista normal
Vista MARC
- Brizuela Irola, Carolina
Entrada Personal Name
Número de registros utilizados en: 1
001 - CONTROL NUMBER
- control field: 59862
003 - CONTROL NUMBER IDENTIFIER
- control field: OSt
005 - DATE AND TIME OF LATEST TRANSACTION
- control field: 20210305111709.0
008 - FIXED-LENGTH DATA ELEMENTS
- fixed length control field: 210305|| aca||aabn | a|a d
040 ## - CATALOGING SOURCE
- Original cataloging agency: OSt
- Transcribing agency: OSt
100 ## - HEADING--PERSONAL NAME
- Personal name: Brizuela Irola, Carolina
670 ## - SOURCE DATA FOUND
- Source citation: Work cat.: (OSt): Brizuela Irola, Carolina, Informe de práctica supervisada realizada en Intebus de Costa Rica, 2018